000 00391nam a22001337a 4500
003 LK-CoDNM
005 20240830104615.0
008 240830b |||||||| |||| 00| 0 eng d
040 _aLK-CoDNM
_dLK-CoDNM
_eLK-CoDNM
245 _aThe Encyclopedia Britannica - XXI
260 _aCAMBRIDGE
_bAT THE UNIVERSITY PRESS
_c1911
300 _aXIV, 984P. : ILL . MAP ; 30 CM
942 _cBK
999 _c150186
_d150186